[Event "ICS rated blitz match"]
[Site "204.178.125.65"]
[Date "1999.09.14"]
[Round "?"]
[White "Hossa"]
[Black "toothfairy"]
[Result "0-1"]
[WhiteElo "2337"]
[BlackElo "2066"]
[PlyCount "124"]
[EventDate "1999.??.??"]

1. e4 e5 2. Nf3 d6 3. Bc4 Bg4 4. d3 Be7 5. h3 Bh5 6. Nc3 c6 7. g4 Bg6 8. Be3
Nd7 9. Bb3 Qc7 10. h4 h5 11. g5 Nc5 12. Nd2 Nxb3 13. Nxb3 f6 14. f4 exf4 15.
Bxf4 fxg5 16. hxg5 O-O-O 17. Ne2 Rf8 18. Be3 Bf7 19. Bd4 Rh7 20. Bxa7 b6 21.
Ned4 Qxa7 22. Nxc6 Qc7 23. Nbd4 g6 24. Nb5 Qd7 25. Rg1 Bd8 26. d4 Be6 27. Nba7+
Kb7 28. Qd2 Ne7 29. d5 Bg4 30. Nb5 Nxc6 31. dxc6+ Qxc6 32. Nxd6+ Kb8 33. Rxg4
hxg4 34. O-O-O Rd7 35. e5 Bc7 36. Qd4 Rfd8 37. Qxg4 Bxd6 38. exd6 Rxd6 39. Qg3
Qc7 40. Rxd6 Qxd6 41. Qe1 Qf4+ 42. Kb1 Qxg5 43. a4 Qc5 44. c3 g5 45. Qg3+ Kb7
46. Qe1 Qf5+ 47. Ka1 g4 48. Qe2 Rd7 49. Ka2 Qd5+ 50. c4 Qf3 51. Qe1 g3 52. a5
g2 53. Qg1 Qc6 54. Kb3 Rd3+ 55. Kc2 Qxc4+ 56. Kb1 Qc6 57. axb6 Rb3 58. Ka2 Rxb6
59. Ka3 Qf3+ 60. Qe3 Qxe3+ 61. Ka4 Qb3+ 62. Ka5 62... Qb4# {Hossa checkmated}
0-1

[Event "ICS rated blitz match"]
[Site "204.178.125.65"]
[Date "1999.09.18"]
[Round "?"]
[White "Hossa"]
[Black "toothfairy"]
[Result "1-0"]
[WhiteElo "2490"]
[BlackElo "2131"]
[PlyCount "97"]
[EventDate "1999.??.??"]

1. e4 e5 2. Nf3 d6 3. Bc4 Bg4 4. d3 Be7 5. h3 Bh5 6. Nc3 c6 7. g4 Bg6 8. Be3
Nd7 9. Bb3 Qc7 10. h4 h5 11. g5 Nc5 12. Nd2 Nxb3 13. Nxb3 O-O-O 14. f4 exf4 15.
Bxf4 f6 16. Nd4 Qd7 17. Be3 Kb8 18. Qe2 f5 19. exf5 Bxf5 20. Nxf5 Qxf5 21.
O-O-O d5 22. Rdf1 Qd7 23. Bd4 Bd6 24. Qf2 b6 25. Qf7 Ne7 26. Bxg7 Rh7 27. Re1
Nf5 28. Qxd7 Rxd7 29. Bf6 Rhf7 30. Be5 Bxe5 31. Rxe5 Kc7 32. g6 Rf6 33. Rf1
Rxg6 34. Rfxf5 Rg4 35. Rxh5 Rf7 36. Re2 a5 37. b3 b5 38. a3 b4 39. axb4 axb4
40. Na4 Rg1+ 41. Kd2 Rff1 42. Rh7+ Kd6 43. Rh6+ Kc7 44. h5 Rd1+ 45. Ke3 Rg3+
46. Kd4 Rh1 47. Re7+ Kd8 48. Ra7 Rhg1 49. Rhh7 {toothfairy resigns} 1-0

[Event "ICS rated blitz match"]
[Site "204.178.125.65"]
[Date "1999.09.16"]
[Round "?"]
[White "Hossa"]
[Black "toothfairy"]
[Result "1-0"]
[WhiteElo "2466"]
[BlackElo "2109"]
[PlyCount "49"]
[EventDate "1999.??.??"]

1. f4 d5 2. Nf3 Nf6 3. b3 Bf5 4. Nd4 Bd7 5. e3 c5 6. Nf3 Nc6 7. Be2 e6 8. O-O
Be7 9. Bb2 O-O 10. c4 b6 11. cxd5 exd5 12. Ne5 Nxe5 13. fxe5 Ne4 14. d3 Ng5 15.
Bh5 Ne6 16. Nc3 Bc6 17. Qf3 Qe8 18. Nxd5 Bxd5 19. Qxd5 Rd8 20. Bxf7+ Rxf7 21.
Qxe6 Rxd3 22. Rf3 c4 23. Raf1 c3 24. Rxf7 Qd7 25. Rf8# {toothfairy checkmated}
1-0

[Event "ICS rated blitz match"]
[Site "204.178.125.65"]
[Date "1999.09.25"]
[Round "?"]
[White "Hossa"]
[Black "toothfairy"]
[Result "1-0"]
[WhiteElo "2409"]
[BlackElo "2047"]
[PlyCount "47"]
[EventDate "1999.??.??"]

1. e4 e5 2. Nf3 d6 3. d4 Nd7 4. Bc4 c6 5. O-O Qc7 6. Nc3 Be7 7. Ng5 Nh6 8. Be3
O-O 9. Rb1 b5 10. Bb3 a6 11. Qh5 Nf6 12. Qf3 exd4 13. Bxd4 c5 14. Bxf6 Bxf6 15.
Nd5 Qd8 16. Nxf6+ gxf6 17. Bd5 fxg5 18. Bxa8 Bg4 19. Qe3 Qxa8 20. Qxg5+ Kh8 21.
Qxh6 Rg8 22. Rfe1 Rg6 23. Qd2 Bf3 24. Qc3+ {toothfairy resigns} 1-0

[Event "ICS rated blitz match"]
[Site "204.178.125.65"]
[Date "1999.09.12"]
[Round "?"]
[White "Hossa"]
[Black "toothfairy"]
[Result "1-0"]
[WhiteElo "2485"]
[BlackElo "2114"]
[PlyCount "71"]
[EventDate "1999.??.??"]

1. e4 e5 2. Nf3 d6 3. Bc4 Bg4 4. d3 Be7 5. h3 Bh5 6. Nc3 c6 7. g4 Bg6 8. Be3
Nd7 9. Bb3 h5 10. g5 Qc7 11. Nh4 Nc5 12. Nxg6 fxg6 13. Bc4 b5 14. Bb3 a5 15. h4
a4 16. Bxg8 Rxg8 17. f4 exf4 18. Bxf4 O-O-O 19. Be3 Ne6 20. d4 Rgf8 21. d5 Nc5
22. dxc6 Qxc6 23. Nd5 Rde8 24. Bxc5 dxc5 25. Qd3 c4 26. Qh3+ Kb7 27. O-O-O Bd6
28. Rhe1 Be5 29. Re2 Rf7 30. Kb1 Ref8 31. Re3 Rf2 32. Qh1 Qc5 33. Qe1 Ka6 34.
Nb4+ Kb6 35. Rd5 Qxe3 36. Qxe3+ {toothfairy resigns} 1-0

[Event "ICS rated blitz match"]
[Site "204.178.125.65"]
[Date "1999.09.12"]
[Round "?"]
[White "Hossa"]
[Black "toothfairy"]
[Result "1/2-1/2"]
[WhiteElo "2469"]
[BlackElo "2133"]
[PlyCount "99"]
[EventDate "1999.??.??"]

1. c4 e5 2. g3 Bc5 3. Nc3 Nc6 4. Bg2 d6 5. Na4 Bb6 6. e4 Bd4 7. Ne2 Bg4 8. f3
Be6 9. Nxd4 Nxd4 10. d3 Ne7 11. O-O O-O 12. Nc3 Qd7 13. g4 Ng6 14. Be3 c5 15.
Nd5 Bxd5 16. cxd5 Nf4 17. Bxf4 exf4 18. Qd2 g5 19. Rac1 f6 20. Rc3 Rfc8 21.
Rfc1 b5 22. a3 a5 23. Qf2 b4 24. Rc4 Re8 25. Ra1 Kg7 26. Kh1 h5 27. gxh5 Rh8
28. axb4 axb4 29. Rxa8 Rxa8 30. Qf1 Ra2 31. h4 Qe8 32. Qb1 Ra7 33. h6+ Kxh6 34.
hxg5+ fxg5 35. Qd1 Ra2 36. Qb1 b3 37. Kg1 Qh5 38. Rxd4 cxd4 39. Qc1 Qh4 40. e5
g4 41. Qxf4+ Qg5 42. Qf8+ Kh7 43. f4 Ra1+ 44. Bf1 Qh4 45. Qf5+ Kh8 46. Qf8+ Kh7
47. Qf5+ Kg7 48. Qd7+ Kg8 49. Qe6+ Kg7 50. Qd7+ {Game drawn by mutual agreement
} 1/2-1/2

[Event "ICS rated blitz match"]
[Site "204.178.125.65"]
[Date "1999.09.13"]
[Round "?"]
[White "Hossa"]
[Black "toothfairy"]
[Result "1-0"]
[WhiteElo "2406"]
[BlackElo "2111"]
[PlyCount "81"]
[EventDate "1999.??.??"]

1. d4 Nf6 2. c4 d6 3. Nc3 g6 4. e4 Bg7 5. Be2 O-O 6. Nf3 Bg4 7. O-O Bxf3 8.
Bxf3 e5 9. d5 a5 10. Bg5 Nbd7 11. Qd2 Qc8 12. Bh6 Bxh6 13. Qxh6 Kh8 14. Be2 Ng8
15. Qg5 f6 16. Qh4 Nc5 17. f4 exf4 18. Qxf4 Qe8 19. b3 Qe5 20. Nb5 Qxf4 21.
Rxf4 Rf7 22. Bf3 Nd3 23. Rh4 g5 24. Rh3 Ne5 25. Bh5 Re7 26. Nd4 Kg7 27. Nf5+
Kf8 28. Nxe7 Kxe7 29. Rf1 a4 30. b4 h6 31. Rf5 Nxc4 32. Rc3 b5 33. Be2 c6 34.
Bxc4 bxc4 35. dxc6 Ke6 36. Rxc4 Ne7 37. Ra5 Rc8 38. b5 d5 39. exd5+ Nxd5 40.
Rcxa4 Nb6 41. Rd4 {toothfairy resigns} 1-0

[Event "ICS rated blitz match"]
[Site "204.178.125.65"]
[Date "1999.09.13"]
[Round "?"]
[White "Hossa"]
[Black "toothfairy"]
[Result "1-0"]
[WhiteElo "2384"]
[BlackElo "2133"]
[PlyCount "92"]
[EventDate "1999.??.??"]

1. d4 Nf6 2. c4 d6 3. Nc3 g6 4. e4 Bg7 5. Be2 O-O 6. Nf3 Bg4 7. O-O Bxf3 8.
Bxf3 e5 9. d5 a5 10. Bg5 h6 11. Be3 Kh8 12. Qb3 b6 13. Rae1 Nbd7 14. Qb5 Nh7
15. Qc6 f5 16. exf5 gxf5 17. Bh5 f4 18. Bd2 Nc5 19. b3 Nf6 20. Bf3 Qd7 21. Qxd7
Ncxd7 22. Nb5 Rac8 23. Bc3 Rf7 24. Kh1 Nc5 25. Na7 Rg8 26. Rg1 Bf8 27. Re2 Bg7
28. Rge1 Ra8 29. Nc6 Rg8 30. Bxe5 dxe5 31. Nxe5 Rd7 32. g3 fxg3 33. hxg3 Rgd8
34. Nxd7 Ncxd7 35. Kg2 Kg8 36. Re3 Bf8 37. g4 Bc5 38. Re6 Kf7 39. R6e2 Rg8 40.
Kh3 Bd6 41. Re6 Ne5 42. R6xe5 Bxe5 43. Rxe5 Rg5 44. Re6 h5 45. Kh4 Rg8 46. g5
46... Nh7 {toothfairy resigns} 1-0

[Event "ICS rated blitz match"]
[Site "204.178.125.65"]
[Date "1999.09.11"]
[Round "?"]
[White "Hossa"]
[Black "toothfairy"]
[Result "1/2-1/2"]
[WhiteElo "2467"]
[BlackElo "2100"]
[PlyCount "107"]
[EventDate "1999.??.??"]

1. e4 e5 2. f4 exf4 3. Nf3 Ne7 4. Bc4 Ng6 5. O-O c6 6. d4 d5 7. Bd3 dxe4 8.
Bxe4 Bd6 9. Bxg6 hxg6 10. Re1+ Be6 11. Nc3 O-O 12. Ne4 Bc7 13. Nc5 Bd5 14. Nxb7
Qc8 15. Nc5 Nd7 16. Nxd7 Qxd7 17. Ne5 Qf5 18. c4 Be4 19. Qe2 Bxe5 20. Qxe4 Qxe4
21. Rxe4 Bd6 22. Bxf4 Bxf4 23. Rxf4 Rfe8 24. Raf1 f6 25. d5 cxd5 26. cxd5 Rad8
27. Rd1 Rd6 28. Kf2 Re5 29. Rfd4 g5 30. b4 a6 31. a4 Kf7 32. b5 axb5 33. axb5
Ke7 34. R1d3 Rb6 35. Rc3 Rxb5 36. d6+ Kd8 37. Kf3 Rbd5 38. Rcd3 Rxd4 39. Rxd4
Kd7 40. Kg4 g6 41. g3 Re6 42. Rb4 Kxd6 43. Rb7 Re2 44. Rg7 Rxh2 45. Rxg6 Ke5
46. Rg8 Ra2 47. Re8+ Kd6 48. Kf5 Rf2+ 49. Kg4 Kd7 50. Re1 Ra2 51. Kf5 Rf2+ 52.
Kg4 Ra2 53. Kf5 Rf2+ 54. Kg4 {Game drawn by repetition} 1/2-1/2

[Event "ICS rated blitz match"]
[Site "204.178.125.65"]
[Date "1999.09.21"]
[Round "?"]
[White "Hossa"]
[Black "toothfairy"]
[Result "1-0"]
[WhiteElo "2396"]
[BlackElo "2135"]
[PlyCount "57"]
[EventDate "1999.??.??"]

1. e4 e5 2. Nf3 d6 3. Bc4 Bg4 4. d3 c6 5. h3 Bh5 6. g4 Bg6 7. Nc3 Be7 8. Be3
Nd7 9. Bb3 Qc7 10. h4 h5 11. g5 Nc5 12. Nd2 Nxb3 13. Nxb3 f6 14. f4 exf4 15.
Bxf4 fxg5 16. hxg5 O-O-O 17. Nc5 Qb6 18. Ne6 Qxb2 19. Bd2 Rd7 20. Rb1 Qa3 21.
Nf4 Be8 22. g6 h4 23. Rb3 Qa6 24. Rb4 c5 25. Ra4 Qc6 26. Rxa7 Nf6 27. Ra8+ Kc7
28. Ne6+ Kb6 29. Qb1+ {toothfairy resigns} 1-0

[Event "ICS rated blitz match"]
[Site "204.178.125.65"]
[Date "1999.09.21"]
[Round "?"]
[White "Hossa"]
[Black "topboy"]
[Result "0-1"]
[WhiteElo "2190"]
[BlackElo "1906"]
[PlyCount "59"]
[EventDate "1999.??.??"]

1. e4 c5 2. Nf3 d6 3. d4 cxd4 4. Nxd4 Nf6 5. Nc3 a6 6. Bc4 e6 7. Bg5 Be7 8. O-O
O-O 9. f4 Nxe4 10. Nxe4 d5 11. Bxe7 Qxe7 12. Qd3 dxc4 13. Qxc4 b5 14. Qd3 Bb7
15. Ng5 g6 16. Nxh7 Kxh7 17. Qh3+ Kg8 18. Qh6 Qf6 19. Rad1 Nc6 20. Nxc6 Bxc6
21. b3 Rfd8 22. Rfe1 Rxd1 23. Rxd1 Rd8 24. Rd6 Rxd6 25. h3 Rd2 26. Qg5 Qxg5 27.
fxg5 Rxc2 28. g3 Rxa2 29. h4 a5 30. Kf1 {Hossa resigns} 0-1

[Event "ICS rated blitz match"]
[Site "204.178.125.65"]
[Date "1999.10.14"]
[Round "?"]
[White "Hossa"]
[Black "topq"]
[Result "1-0"]
[WhiteElo "2334"]
[BlackElo "2212"]
[PlyCount "125"]
[EventDate "1999.??.??"]

1. e4 d5 2. exd5 Nf6 3. d4 Bg4 4. Bb5+ Nbd7 5. f3 Bf5 6. Nc3 a6 7. Ba4 b5 8.
Bb3 Nb6 9. Nge2 Nfxd5 10. Nxd5 Nxd5 11. O-O e6 12. Re1 Be7 13. a4 c6 14. axb5
cxb5 15. c3 O-O 16. Nf4 Nxf4 17. Bxf4 Bd6 18. Bxd6 Qxd6 19. Re5 b4 20. Rea5
bxc3 21. bxc3 Rfb8 22. Bc4 Qc6 23. Qa4 Qxa4 24. R5xa4 Rc8 25. Rxa6 Rxa6 26.
Rxa6 Kf8 27. Ra4 Ke7 28. g4 Bc2 29. Rb4 Kd6 30. Kf2 Ra8 31. Rb6+ Kc7 32. Rb2
Bg6 33. Bb3 Kd6 34. f4 Be4 35. Ke3 Bh1 36. c4 Rb8 37. Rb1 Bc6 38. Bc2 Ra8 39.
h4 Ra3+ 40. Rb3 Ra2 41. Rc3 h5 42. gxh5 Ra1 43. f5 Rh1 44. fxe6 fxe6 45. c5+
Ke7 46. Rc4 Rxh4 47. Bg6 e5 48. Rb4 Ke6 49. d5+ Kxd5 50. Bf7+ Kxc5 51. Rxh4 Bd7
52. Rh1 Kd6 53. Rg1 Ke7 54. Rxg7 Kf6 55. h6 Bf5 56. Bh5 e4 57. Rf7+ Kg5 58.
Rxf5+ Kxh6 59. Kxe4 Kg7 60. Ke5 Kh6 61. Kf6 Kh7 62. Bf7 Kh6 63. Rh5# {
topq checkmated} 1-0

[Event "ICS rated blitz match"]
[Site "204.178.125.65"]
[Date "1999.10.14"]
[Round "?"]
[White "Hossa"]
[Black "topq"]
[Result "1-0"]
[WhiteElo "2355"]
[BlackElo "2191"]
[PlyCount "67"]
[EventDate "1999.??.??"]

1. e4 d5 2. exd5 Nf6 3. d4 Bg4 4. Bb5+ Nbd7 5. f3 Bf5 6. Nc3 a6 7. Ba4 b5 8.
Bb3 Nb6 9. Nge2 Nfxd5 10. Nxd5 Nxd5 11. O-O e6 12. Re1 Be7 13. a4 c6 14. axb5
cxb5 15. c3 O-O 16. Nf4 Nxf4 17. Bxf4 Bd6 18. Bxd6 Qxd6 19. Re5 Rfc8 20. f4 Rc6
21. Qf3 Rd8 22. g4 Bg6 23. f5 exf5 24. Rd5 fxg4 25. Rxd6 Rdxd6 26. Qe2 h5 27.
Qe8+ Kh7 28. Bxf7 Bxf7 29. Qxf7 Kh6 30. Qf4+ Kh7 31. d5 Rf6 32. Qe4+ g6 33.
dxc6 Kh6 34. Rf1 {topq resigns} 1-0

[Event "ICS rated blitz match"]
[Site "204.178.125.65"]
[Date "1999.10.14"]
[Round "?"]
[White "Hossa"]
[Black "topq"]
[Result "1-0"]
[WhiteElo "2327"]
[BlackElo "2136"]
[PlyCount "81"]
[EventDate "1999.??.??"]

1. e4 d5 2. exd5 Nf6 3. d4 Bg4 4. Bb5+ Nbd7 5. f3 Bf5 6. Nc3 a6 7. Ba4 b5 8.
Bb3 Nb6 9. Nge2 Nfxd5 10. Nxd5 Nxd5 11. O-O e6 12. Re1 c5 13. c4 bxc4 14. Ba4+
Ke7 15. Bc6 Rc8 16. Bb7 Rb8 17. Bxa6 f6 18. Bxc4 Kf7 19. Bb3 Qb6 20. g4 cxd4
21. gxf5 d3+ 22. Kh1 dxe2 23. fxe6+ Ke8 24. Rxe2 Be7 25. Bxd5 Rd8 26. Qa4+ Kf8
27. Be3 Qb8 28. Bf4 Qb6 29. Qc4 g6 30. Bc7 Qa7 31. Bxd8 Bxd8 32. a4 Be7 33. b4
Kg7 34. Qf4 Rf8 35. Rb2 Qb6 36. Rc1 Qa7 37. Rc7 Re8 38. Rxa7 Kf8 39. Qh6+ Kg8
40. Bc6 Bf8 41. Qxh7# {topq checkmated} 1-0

[Event "ICS rated blitz match"]
[Site "204.178.125.65"]
[Date "1999.10.12"]
[Round "?"]
[White "Hossa"]
[Black "topq"]
[Result "1-0"]
[WhiteElo "2350"]
[BlackElo "2074"]
[PlyCount "69"]
[EventDate "1999.??.??"]

1. d4 Nf6 2. c4 c5 3. d5 b5 4. cxb5 a6 5. bxa6 Bxa6 6. Nc3 d6 7. Nf3 g6 8. Bg5
Bg7 9. e4 Bxf1 10. Rxf1 O-O 11. e5 Ng4 12. exd6 Qxd6 13. Nb5 Qd7 14. Qe2 Re8
15. a4 e6 16. d6 Nc6 17. Nc7 Qxd6 18. Nxa8 Rxa8 19. Rd1 Nd4 20. Nxd4 cxd4 21.
Qxg4 Qe5+ 22. Kd2 d3 23. Kxd3 Qxb2 24. Ke3 Qb3+ 25. Rd3 Qb6+ 26. Ke2 Qc6 27.
Rc1 Qa6 28. Qe4 h6 29. Qxa8+ Qxa8 30. Rd8+ Qxd8 31. Bxd8 Kf8 32. a5 Ke8 33. Bb6
Kd7 34. a6 Be5 35. a7 {topq resigns} 1-0

[Event "ICS rated blitz match"]
[Site "204.178.125.65"]
[Date "1999.10.14"]
[Round "?"]
[White "Hossa"]
[Black "topq"]
[Result "0-1"]
[WhiteElo "2342"]
[BlackElo "2121"]
[PlyCount "94"]
[EventDate "1999.??.??"]

1. e4 d5 2. exd5 Nf6 3. d4 Bg4 4. Bb5+ Nbd7 5. f3 Bf5 6. Nc3 a6 7. Ba4 b5 8.
Bb3 Nb6 9. g4 Bg6 10. Nh3 Nfxd5 11. Nxd5 Nxd5 12. Bg5 h6 13. Bd2 e6 14. a4 c6
15. axb5 cxb5 16. O-O Bd6 17. Bxd5 exd5 18. Re1+ Be7 19. Bb4 Ra7 20. Nf4 O-O
21. Nxd5 Qxd5 22. Bxe7 Re8 23. Bc5 Raa8 24. Rxe8+ Rxe8 25. Rxa6 Qc4 26. c3 b4
27. Ra4 Qd5 28. Rxb4 Rc8 29. c4 Qd7 30. Qf1 Kh7 31. Rb6 Qe8 32. Kf2 Qa4 33. b3
Qd7 34. b4 Qa4 35. Kg3 Qc2 36. g5 Bd3 37. Qh3 Qd2 38. Qxc8 Qe1+ 39. Kh3 Qf1+
40. Kh4 Qf2+ 41. Kh3 Qf1+ 42. Kh4 Qf2+ 43. Kh3 hxg5 44. Qh8+ Kxh8 45. Rb8+ Kh7
46. Rh8+ Kxh8 47. Kg4 47... Qh4# {Hossa checkmated} 0-1

[Event "ICS rated blitz match"]
[Site "204.178.125.65"]
[Date "1999.10.16"]
[Round "?"]
[White "Hossa"]
[Black "trail"]
[Result "1-0"]
[WhiteElo "2466"]
[BlackElo "2404"]
[PlyCount "71"]
[EventDate "1999.??.??"]

1. e4 c5 2. d4 cxd4 3. c3 dxc3 4. Nxc3 Nc6 5. Nf3 e6 6. Bc4 Nge7 7. Bg5 f6 8.
Be3 Ng6 9. O-O a6 10. Na4 b5 11. Nb6 Rb8 12. Nxc8 Rxc8 13. Bb3 Na5 14. a4 Nc4
15. axb5 Nxe3 16. fxe3 axb5 17. Nd4 Bc5 18. Nxb5 O-O 19. Nd4 Rb8 20. Rc1 Qb6
21. Rc3 Kh8 22. Kh1 Ne5 23. Rf2 Bb4 24. Rc1 Rbc8 25. Rfc2 Rxc2 26. Qxc2 h6 27.
Kg1 Ng4 28. Qe2 Ne5 29. Rd1 Bc5 30. Ba4 Ng4 31. Qxg4 e5 32. Nf5 Bxe3+ 33. Kh1
Bg5 34. h4 Qb4 35. hxg5 Qxa4 36. gxh6 {trail resigns} 1-0

[Event "ICS rated blitz match"]
[Site "204.178.125.65"]
[Date "1999.09.26"]
[Round "?"]
[White "Hossa"]
[Black "triatlon"]
[Result "1-0"]
[WhiteElo "2392"]
[BlackElo "2274"]
[PlyCount "35"]
[EventDate "1999.??.??"]

1. e4 c5 2. c3 Nf6 3. e5 Nd5 4. d4 cxd4 5. cxd4 e6 6. Nf3 b6 7. Bc4 Bb7 8. O-O
d6 9. Bg5 Be7 10. Bxd5 Bxd5 11. Bxe7 Qxe7 12. Nc3 Bxf3 13. Qxf3 d5 14. Nxd5
exd5 15. Qxd5 O-O 16. Qxa8 Na6 17. Qe4 Nb4 18. d5 {triatlon resigns} 1-0

[Event "ICS rated blitz match"]
[Site "204.178.125.65"]
[Date "1999.10.19"]
[Round "?"]
[White "Hossa"]
[Black "triskelon"]
[Result "0-1"]
[WhiteElo "2467"]
[BlackElo "2671"]
[PlyCount "118"]
[EventDate "1999.??.??"]

1. d4 d5 2. c4 e6 3. Nc3 Nf6 4. Bg5 c6 5. e4 dxe4 6. Nge2 Qa5 7. Bxf6 gxf6 8.
g3 Bh6 9. Bg2 f5 10. O-O Qd8 11. f3 exf3 12. Rxf3 Rg8 13. b4 Nd7 14. a3 Qg5 15.
Qa4 Nb6 16. Qb3 Bd7 17. Rd3 Qg6 18. b5 f4 19. Rf3 Qg7 20. Rd1 fxg3 21. Rxg3 Qf8
22. bxc6 bxc6 23. Ne4 Rxg3 24. hxg3 f5 25. Nc5 Qe7 26. a4 Qd8 27. a5 Nc8 28.
Qf3 Qg5 29. Nf4 Qg4 30. Nxd7 Qxf3 31. Nf6+ Kf7 32. Bxf3 Kxf6 33. Nh5+ Ke7 34.
Bxc6 Rb8 35. Kf2 Nd6 36. c5 Rb2+ 37. Ke1 Nc4 38. a6 Ne3 39. Rd3 Nc2+ 40. Kf1
Nb4 41. Bb5 Nxd3 42. Bxd3 Rd2 43. Be2 Rxd4 44. c6 Kd6 45. Bb5 Rb4 46. Bd3 Kxc6
47. Kf2 Rb2+ 48. Kf3 Kc5 49. Nf4 Rb3 50. Ke2 Bxf4 51. gxf4 Kd4 52. Bc2 Rb2 53.
Kd2 h5 54. Kd1 Rxc2 55. Ke1 Ke3 56. Kf1 Ra2 57. Kg1 Kf3 58. Kh1 Kg3 59. Kg1
59... Ra1# {Hossa checkmated} 0-1

[Event "ICS rated blitz match"]
[Site "204.178.125.65"]
[Date "1999.10.15"]
[Round "?"]
[White "Hossa"]
[Black "triskelon"]
[Result "0-1"]
[WhiteElo "2334"]
[BlackElo "2380"]
[PlyCount "95"]
[EventDate "1999.??.??"]

1. e4 e5 2. Nf3 Nc6 3. Bc4 Bc5 4. c3 Nf6 5. d4 exd4 6. cxd4 Bb4+ 7. Bd2 Bxd2+
8. Nbxd2 d5 9. exd5 Nxd5 10. O-O O-O 11. Bb5 Qf6 12. Bxc6 Qxc6 13. Ne5 Qh6 14.
Re1 Re8 15. Qf3 Be6 16. Nb3 b6 17. Rac1 Qg5 18. Rc6 Qf5 19. Qxf5 Bxf5 20. Rcc1
f6 21. Nc6 Kf7 22. Rxe8 Rxe8 23. Nxa7 Bd7 24. a3 Re2 25. Rb1 Bf5 26. Rf1 Rxb2
27. Nc1 Nf4 28. g3 Nh3+ 29. Kg2 Ng5 30. g4 Bxg4 31. Kg3 h5 32. Nc6 Rc2 33. Nb4
Rc3+ 34. Nbd3 Nf3 35. h3 Nd2 36. hxg4 Nxf1+ 37. Kg2 Nd2 38. gxh5 c5 39. Nxc5
Rxc1 40. Nd7 Rc6 41. f3 Rd6 42. Nb8 Rxd4 43. Kf2 Nc4 44. Kg3 Rd3 45. a4 Ne5 46.
Kg2 Rxf3 47. Nd7 Rb3 48. Nb8 {Hossa resigns} 0-1

[Event "ICS rated blitz match"]
[Site "204.178.125.65"]
[Date "1999.10.19"]
[Round "?"]
[White "Hossa"]
[Black "triskelon"]
[Result "0-1"]
[WhiteElo "2484"]
[BlackElo "2654"]
[PlyCount "113"]
[EventDate "1999.??.??"]

1. d4 d5 2. c4 e6 3. Nf3 c6 4. Nc3 Nf6 5. Bg5 h6 6. Bxf6 Qxf6 7. e4 dxe4 8.
Nxe4 Bb4+ 9. Nc3 c5 10. Be2 Nc6 11. a3 cxd4 12. Nxd4 Bxc3+ 13. bxc3 O-O 14. Ra2
e5 15. Nf3 Rd8 16. Rd2 Bg4 17. O-O Qe7 18. a4 Na5 19. c5 Rxd2 20. Nxd2 Bxe2 21.
Qxe2 Qxc5 22. Qd3 Rc8 23. Re1 Qxc3 24. Qxc3 Rxc3 25. Rxe5 Nc6 26. Re1 Ra3 27.
Re8+ Kh7 28. Re4 Ra1+ 29. Nf1 a5 30. Rc4 Nb4 31. Rc7 b6 32. Rd7 Rxa4 33. Rd6
Ra2 34. Rxb6 Nd3 35. Rb7 f5 36. Rb5 f4 37. Rf5 g5 38. Rf7+ Kg6 39. Re7 Nxf2 40.
h3 a4 41. Nh2 Nd1 42. Re6+ Kf5 43. Rxh6 Ne3 44. Ra6 Rxg2+ 45. Kh1 Ra2 46. Ra5+
Ke4 47. Rxg5 Ra1+ 48. Rg1 Rxg1+ 49. Kxg1 a3 50. Kf2 a2 51. Nf3 a1=Q 52. Nd2+
Kd3 53. Kf3 Qh8 54. h4 Qxh4 55. Nf1 Qg4+ 56. Kf2 Qg2+ 57. Ke1 {Hossa resigns}
0-1

[Event "ICS rated blitz match"]
[Site "204.178.125.65"]
[Date "1999.10.14"]
[Round "?"]
[White "Hossa"]
[Black "tryany1"]
[Result "1-0"]
[WhiteElo "2325"]
[BlackElo "2043"]
[PlyCount "49"]
[EventDate "1999.??.??"]

1. e4 c5 2. Nf3 e6 3. d4 cxd4 4. Nxd4 a6 5. Bd3 Qc7 6. Nf3 b5 7. O-O Bb7 8. a4
b4 9. Re1 d6 10. Bd2 a5 11. c3 bxc3 12. Nxc3 Nf6 13. Bg5 Nbd7 14. Rc1 Qb6 15.
Bxf6 Nxf6 16. Bb5+ Nd7 17. Bxd7+ Kxd7 18. Ne5+ Ke8 19. Nc4 Qd8 20. Nb5 Ra6 21.
Qd4 e5 22. Nxe5 dxe5 23. Qxe5+ Be7 24. Red1 Re6 25. Nc7+ {tryany1 resigns} 1-0

[Event "ICS rated blitz match"]
[Site "204.178.125.65"]
[Date "1999.08.28"]
[Round "?"]
[White "Hossa"]
[Black "ulun"]
[Result "1-0"]
[WhiteElo "2508"]
[BlackElo "2131"]
[PlyCount "101"]
[EventDate "1999.??.??"]

1. e4 Nf6 2. Bc4 Nxe4 3. Bxf7+ Kxf7 4. Qh5+ Kg8 5. Qd5+ e6 6. Qxe4 d5 7. Qe2 c5
8. Nf3 Nc6 9. d3 h6 10. Bf4 Qe8 11. O-O Qf7 12. Be5 Kh7 13. Qe3 Be7 14. c3 Rf8
15. d4 cxd4 16. cxd4 Bd7 17. Nc3 a6 18. Rac1 b5 19. Rc2 Rac8 20. Re1 Bb4 21. a3
Bxc3 22. Rxc3 Be8 23. Bd6 Rg8 24. Ne5 Nxe5 25. Rxc8 Nc4 26. Qd3+ Kh8 27. Be5
Bd7 28. Rxg8+ Kxg8 29. Qe2 Qf8 30. f3 Be8 31. Qf2 Bg6 32. h3 a5 33. Qe2 b4 34.
a4 b3 35. Rc1 Qb4 36. Bc7 Bf7 37. Ra1 Qd2 38. Qxd2 Nxd2 39. Bxa5 Nc4 40. Bc3
Be8 41. a5 Bb5 42. a6 Nb6 43. a7 Na8 44. Re1 Bc6 45. Rxe6 Kf7 46. Rxc6 Nb6 47.
Rxb6 Ke7 48. a8=Q Kf7 49. Qxd5+ Ke8 50. Rb7 Kf8 51. Qd8# {ulun checkmated} 1-0

[Event "ICS rated blitz match"]
[Site "204.178.125.65"]
[Date "1999.09.25"]
[Round "?"]
[White "Hossa"]
[Black "vitsi"]
[Result "1-0"]
[WhiteElo "2461"]
[BlackElo "2262"]
[PlyCount "55"]
[EventDate "1999.??.??"]

1. e4 c5 2. Nf3 d6 3. d4 cxd4 4. Nxd4 Nf6 5. Nc3 a6 6. Bg5 e6 7. f4 Be7 8. Qf3
Qc7 9. O-O-O Nbd7 10. Qg3 b5 11. f5 Nc5 12. Bxf6 gxf6 13. Qg7 Rf8 14. fxe6 fxe6
15. Qxh7 Bb7 16. Qg6+ Kd8 17. b4 e5 18. Nde2 Na4 19. Nxa4 bxa4 20. Rd3 Qb6 21.
a3 a5 22. b5 Qxb5 23. Nf4 Qb6 24. Ne6+ Kd7 25. Nxf8+ Rxf8 26. Be2 Rc8 27. Bg4+
Kc7 28. Qf7 {vitsi resigns} 1-0

[Event "ICS rated blitz match"]
[Site "204.178.125.65"]
[Date "1999.09.19"]
[Round "?"]
[White "Hossa"]
[Black "vitsi"]
[Result "1-0"]
[WhiteElo "2488"]
[BlackElo "2208"]
[PlyCount "71"]
[EventDate "1999.??.??"]

1. e4 d5 2. e5 c5 3. c3 Nc6 4. d4 e6 5. Ne2 Qb6 6. f4 Nh6 7. a4 a6 8. Na3 cxd4
9. cxd4 Nf5 10. Nc2 h5 11. g3 Bd7 12. Bh3 g6 13. O-O Rc8 14. Bxf5 gxf5 15. Bd2
a5 16. Bc3 Be7 17. Re1 h4 18. gxh4 Bxh4 19. Rf1 Ke7 20. Kh1 Rcg8 21. b4 Rg4 22.
b5 Nd8 23. Ne3 Rg6 24. Qd2 f6 25. Bxa5 Qa7 26. Ng2 fxe5 27. Nxh4 Rxh4 28. fxe5
Nf7 29. Rf4 Rh7 30. Qb4+ Ke8 31. Bc7 Rgh6 32. Rf2 b6 33. Rc1 Rh3 34. Nf4 R3h4
35. Ng6 Ng5 36. Qf8# {vitsi checkmated} 1-0

[Event "ICS rated blitz match"]
[Site "204.178.125.65"]
[Date "1999.09.14"]
[Round "?"]
[White "Hossa"]
[Black "vitsi"]
[Result "1-0"]
[WhiteElo "2361"]
[BlackElo "2281"]
[PlyCount "27"]
[EventDate "1999.??.??"]

1. e4 d5 2. d4 dxe4 3. Nc3 f5 4. f3 exf3 5. Nxf3 Nf6 6. Bc4 e6 7. O-O c5 8. d5
exd5 9. Nxd5 Nxd5 10. Re1+ Ne7 11. Bf7+ Kxf7 12. Qxd8 Nbc6 13. Ng5+ Kg6 14.
Qe8+ {vitsi resigns} 1-0

[Event "ICS rated blitz match"]
[Site "204.178.125.65"]
[Date "1999.09.25"]
[Round "?"]
[White "Hossa"]
[Black "vitsi"]
[Result "1-0"]
[WhiteElo "2499"]
[BlackElo "2125"]
[PlyCount "49"]
[EventDate "1999.??.??"]

1. d4 Nf6 2. a3 c5 3. dxc5 e5 4. b4 a5 5. Bb2 axb4 6. axb4 Rxa1 7. Bxa1 Nc6 8.
c3 d5 9. Nf3 e4 10. Nd4 Be7 11. Na3 O-O 12. e3 Ng4 13. Be2 Nge5 14. Nab5 f5 15.
O-O f4 16. Bb2 Bg5 17. Bc1 f3 18. gxf3 Nxd4 19. Nxd4 exf3 20. Nxf3 Qf6 21. Nxe5
Qxe5 22. f4 Qxc3 23. Qxd5+ Kh8 24. fxg5 Rxf1+ 25. Bxf1 {vitsi resigns} 1-0